书目信息 |
| 题名: |
英语阶梯阅读
|
|
| 作者: | 菲林汉 , 麦金 , 杜普 编著 | |
| 分册: | 2 | |
| 出版信息: | 北京 高等教育出版社 2020.04 |
|
| 页数: | 87页 | |
| 开本: | 26cm | |
| 丛书名: | ||
| 单 册: | ||
| 中图分类: | H319.37 | |
| 科图分类: | ||
| 主题词: | 英语--ying yu--阅读教学--自学参考资料 | |
| 电子资源: | ||
| ISBN: | 978-7-04-053791-8 | |
| 000 | 01218nam 2200277 450 | |
| 001 | 0100016587 | |
| 005 | 20200929160439.0 | |
| 010 | @a978-7-04-053791-8@dCNY45.00 | |
| 100 | @a20200729d2020 em y0chiy50 ea | |
| 101 | 0 | @achi@aeng |
| 102 | @aCN@b110000 | |
| 105 | @aab z 000yy | |
| 106 | @ar | |
| 200 | 1 | @a英语阶梯阅读@Aying yu jie ti yue du@h2@d= Success with reading@h2@fZachary Fillingham, Owain Mckimm, Shara Dupuis@zeng |
| 210 | @a北京@c高等教育出版社@d2020.04 | |
| 215 | @a87页@c彩图, 地图@d26cm | |
| 314 | @aFillingham规范汉译姓: 菲林汉 Mckimm规范汉译姓: 麦金 Dupuis规范汉译姓: Dupuis | |
| 330 | @a本书包含40篇文章, 每篇文章还配有针对专项阅读技能训练的适量阅读理解题。通过阅读每篇文章并完成习题, 学习者可以了解如何获取文章主旨、主题和文章细节的技巧, 熟悉如何运用比较、推理等方法和利用各种可视化材料获取信息, 从而更准确地理解文章内容。 | |
| 510 | 1 | @aSuccess with reading@h2@zeng |
| 606 | 0 | @a英语@Aying yu@x阅读教学@j自学参考资料 |
| 690 | @aH319.37@v5 | |
| 701 | 1 | @a菲林汉@Afei lin han@g(Fillingham, Zachary)@4编著 |
| 701 | 1 | @a麦金@Amai jin@g(Mckimm, Owain)@4编著 |
| 701 | 1 | @a杜普@Adu pu@g(Dupuis, Shara)@4编著 |
| 801 | 0 | @aCN@c20200729 |
| 905 | @a河南城建学院图书馆@dH319.37@f3@eF320 | |
| 英语阶梯阅读.2= Success with reading.2/Zachary Fillingham, Owain Mckimm, Shara Dupuis.-北京:高等教育出版社,2020.04 |
| 87页:彩图, 地图;26cm |
| ISBN 978-7-04-053791-8:CNY45.00 |
| 本书包含40篇文章, 每篇文章还配有针对专项阅读技能训练的适量阅读理解题。通过阅读每篇文章并完成习题, 学习者可以了解如何获取文章主旨、主题和文章细节的技巧, 熟悉如何运用比较、推理等方法和利用各种可视化材料获取信息, 从而更准确地理解文章内容。 |
| ● |
| 相关链接 |
|
|
|
正题名:英语阶梯阅读
索取号:H319.37/F320
 
预约/预借
| 序号 | 登录号 | 条形码 | 馆藏地/架位号 | 状态 | 备注 |
| 1 | 1493943 | 214939432 | 语言库209/209语言库 43排3列1层/ [索取号:H319.37/F320] | 在馆 | |
| 2 | 1493944 | 214939441 | 语言库209/209语言库 43排3列1层/ [索取号:H319.37/F320] | 在馆 | |
| 3 | 1493945 | 214939450 | 语言库209/209语言库 43排3列1层/ [索取号:H319.37/F320] | 在馆 |